Statistics for Summer Olympic Games by Country

Click here to take the quiz!

General Stats

  • This quiz has been taken 1,897 times
  • The average score is 17 of 18

Answer Stats

Amount of Times Held Answer % Correct
4 (1904, 1932, 1984, 1996)USA
100%
3 (1908, 1948, 2012)United Kingdom
99%
2 (1936, 1972)Germany/West Germany
98%
1 (2008)China
98%
2 (1956, 2000)Australia
97%
1 (1980)Russia/Soviet Union
97%
1 (1992)Spain
97%
3 (1896, 1906, 2004)Greece
97%
2 (1900, 1924)France
97%
1 (1976)Canada
93%
1 (1960)Italy
93%
1 (1964)Japan
93%
1 (1968)Mexico
92%
1 (1988)South Korea
90%
1 (1912)Sweden
85%
1 (1928)Netherlands
80%
1 (1920)Belgium
77%
1 (1952)Finland
76%

Score Distribution

Percentile by Number Answered

Percent of People with Each Score

Your Score History

You have not taken this quiz